Zlepšovanie informačného systému v podniku bakalárska práca

Saved in:
Bibliographic Details
Main Author: Frigmanská, Miroslava
Corporate Author: Podnikovohospodárska fakulta EU so sídlom v Košiciach. Katedra manažmentu
Other Authors: Tutková, Petra, 1987-
Format: Book
Language:Slovak
Published: Košice 2013
Tags: Add Tag
No Tags, Be the first to tag this record!

MARC

LEADER 00000nbm a2200000 4500
001 0176113
005 20170209090012.9
041 0 |a slo 
044 |a SK 
245 1 0 |a Zlepšovanie informačného systému v podniku  |b bakalárska práca  |c Miroslava Frigmanská ; školiteľ: Petra Tutková 
264 1 |a Košice  |c 2013 
300 |a 42 s. 
100 1 |a Frigmanská, Miroslava 
700 1 |a Tutková, Petra, 1987- 
710 2 |a Podnikovohospodárska fakulta EU so sídlom v Košiciach. Katedra manažmentu